000 00408cam a2200181 4500
001 D13855
008 090401t1965 xxu||||| |||| 00| 0 eng d
035 _a(Sirsi) u12061
041 _aeng
100 _aSeeley, Ivor Hugh
245 _aBuilding quantities explained
260 _aLondon
_bMacMillan
_c1965
300 _a268p
350 _a0
520 _aShelf 134
942 _n0
948 _c04/03/1997
999 _c86945
_d86945